| Tag |
First Indicator |
Second Indicator |
Subfields |
| LEADER |
00000cam a2200000Ia 4500 |
| 001 |
in00002000556 |
| 005 |
20220105141709.0 |
| 006 |
m d |
| 007 |
cr cnu---unuuu |
| 008 |
040319s2004 enk s 000 0 eng d |
| 020 |
|
|
|a 1417500719 (electronic bk.)
|
| 035 |
|
|
|a (OCoLC)ocm54772252
|
| 040 |
|
|
|a N$T
|c N$T
|d OCLCQ
|d UtOrBLW
|
| 043 |
|
|
|a e-uk---
|
| 049 |
|
|
|a IKMN
|
| 050 |
1 |
4 |
|a LC4236.G7
|b P53 2004eb
|
| 082 |
0 |
4 |
|a 371.91/0941
|2 22
|
| 100 |
1 |
|
|a Pickles, Pilla A. C.
|0 http://id.loc.gov/authorities/names/no99042079
|
| 245 |
1 |
0 |
|a Inclusive teaching, inclusive learning :
|b managing the curriculum for children with severe motor learning difficulties /
|c Pilla Pickles.
|
| 250 |
|
|
|a 2nd ed.
|
| 264 |
|
1 |
|a London :
|b David Fulton,
|c 2004.
|
| 336 |
|
|
|a text
|b txt
|2 rdacontent
|
| 337 |
|
|
|a computer
|b c
|2 rdamedia
|
| 338 |
|
|
|a online resource
|b cr
|2 rdacarrier
|
| 538 |
|
|
|a Mode of access: World Wide Web.
|
| 506 |
|
|
|a Made available through NetLibrary; access may be limited to NetLibrary affiliated libraries.
|
| 500 |
|
|
|a Title from ebook title screen (viewed Mar. 19, 2004).
|
| 500 |
|
|
|a Originally published 1998 by David Fulton as Managing the curriculum for children with severe motor difficulties.
|
| 500 |
|
|
|a Electronic resource.
|
| 650 |
|
0 |
|a Children with disabilities
|x Education
|z Great Britain
|x Curricula.
|
| 650 |
|
0 |
|a Curriculum change
|z Great Britain.
|0 http://id.loc.gov/authorities/subjects/sh2009122691
|
| 655 |
|
7 |
|a Electronic books.
|2 local
|
| 700 |
1 |
|
|a Pickles, Pilla A. C.
|t Managing the curriculum for children with severe motor difficulties.
|
| 710 |
2 |
|
|a NetLibrary, Inc.
|0 http://id.loc.gov/authorities/names/no99080690
|
| 856 |
4 |
1 |
|u https://proxy.library.tamu.edu/login?url=http://www.netLibrary.com/urlapi.asp?action=summary&v=1&bookid=104641
|z Connect to the full text of this electronic book
|t 0
|
| 994 |
|
|
|a 92
|b IKM
|
| 999 |
|
|
|a MARS
|
| 999 |
f |
f |
|s 938620c3-fde0-36d3-9d51-b12801ec8b52
|i 2c2312c1-f9a9-3334-b3e4-f72717b6c5be
|t 0
|
| 952 |
f |
f |
|a Texas A&M University
|b College Station
|c Electronic Resources
|d Available Online
|t 0
|e LC4236.G7 P53 2004eb
|h Library of Congress classification
|
| 998 |
f |
f |
|a LC4236.G7 P53 2004eb
|t 0
|l Available Online
|